[Event "67th POL-ch"]
[Site "Warsaw POL"]
[Date "2010.01.14"]
[Round "6"]
[White "Dragun, Kamil"]
[Black "Leniart, Arkadiusz"]
[Result "1-0"]
[WhiteElo "2300"]
[BlackElo "2439"]
[EventDate "2010.01.09"]
[PlyCount "159"]

1.e4 e5 2.Nf3 Nc6 3.Bb5 a6 4.Bxc6 dxc6 5.O-O Qd6 6.Na3 Be6 7.Qe2 f6 8.Rd1 
O-O-O 9.d4 Bg4 10.h3 Bxf3 11.Qxf3 exd4 12.c3 d3 13.Nc4 Qd7 14.Bf4 Ne7 15.
Qe3 b6 16.a4 Ng6 17.Bh2 Bc5 18.Qg3 Ne5 19.Nxe5 fxe5 20.b4 Be7 21.Qxg7 Kb7 
22.Qxe5 Rhe8 23.Qh5 c5 24.bxc5 Bxc5 25.e5 Rg8 26.Kf1 Rdf8 27.f4 Qd5 28.Qf3
Qxf3+ 29.gxf3 Rxf4 30.Rxd3 Rh4 31.Ra2 Rxh3 32.Rg2 Rf8 33.Ke2 Rh4 34.f4 
Rhxf4 35.Bxf4 Rxf4 36.Rd7 Rxa4 37.Kd3 Ra1 38.Rxh7 Re1 39.Rgg7 Kc6 40.Rh5 
Kb5 41.Kd2 Re4 42.Rg2 a5 43.Re2 Rxe2+ 44.Kxe2 a4 45.Kd3 a3 46.Rh2 Be7 47.
Kc2 Kc6 48.Rd2 Bc5 49.Rd3 Be7 50.Kb3 Bc5 51.Rd1 Be7 52.Kc4 Bc5 53.Kb3 Be7 
54.e6 Bd6 55.Rd2 Be7 56.Rd1 Bd6 57.Kc4 Be7 58.Rd7 Bd6 59.Kb3 Bc5 60.Rh7 
Bd6 61.Rf7 Bc5 62.e7 Kd7 63.e8=Q+ Kxe8 64.Rxc7 Kd8 65.Rh7 Kc8 66.Kc4 Kb8 
67.Rf7 Be3 68.Kb5 Bc5 69.Kc6 Ka8 70.Rh7 Kb8 71.Rf7 Ka8 72.Rf4 Ka7 73.Ra4+ 
Kb8 74.Ra6 Bf2 75.Rxa3 Bc5 76.Ra6 Be3 77.c4 Bf2 78.Rxb6+ Kc8 79.c5 Bg3 80.
Rb3 1-0

[Event "67th POL-ch"]
[Site "Warsaw POL"]
[Date "2010.01.14"]
[Round "6"]
[White "Dziuba, Marcin"]
[Black "Wojtaszek, Radoslaw"]
[Result "1/2-1/2"]
[WhiteElo "2587"]
[BlackElo "2639"]
[EventDate "2010.01.09"]
[PlyCount "44"]

1.d4 Nf6 2.c4 e6 3.Nc3 Bb4 4.Qc2 O-O 5.a3 Bxc3+ 6.Qxc3 d5 7.Nf3 dxc4 8.
Qxc4 b6 9.Bg5 Ba6 10.Qa4 h6 11.Bxf6 Qxf6 12.g3 Bb7 13.Bg2 c5 14.Rd1 Rd8 
15.dxc5 Rxd1+ 16.Qxd1 Na6 17.cxb6 Qxb2 18.bxa7 Qc3+ 19.Qd2 Qa1+ 20.Qd1 
Qc3+ 21.Qd2 Qa1+ 22.Qd1 Qc3+ 1/2-1/2

[Event "67th POL-ch"]
[Site "Warsaw POL"]
[Date "2010.01.14"]
[Round "6"]
[White "Gajewski, Grzegorz"]
[Black "Bobras, Piotr"]
[Result "0-1"]
[WhiteElo "2568"]
[BlackElo "2554"]
[EventDate "2010.01.09"]
[PlyCount "80"]

1.c4 Nf6 2.Nc3 e5 3.Nf3 Nc6 4.g3 Nd4 5.Bg2 Nxf3+ 6.Bxf3 Bb4 7.O-O Bxc3 8.
bxc3 d6 9.d3 O-O 10.Bg2 Nd7 11.f4 exf4 12.Bxf4 Qe7 13.Rb1 Nc5 14.Qc2 Rb8 
15.d4 Ne6 16.Be4 h6 17.Bc1 b6 18.h4 c5 19.Be3 Ba6 20.Rf3 Bxc4 21.Rbf1 cxd4
22.Bh7+ Kh8 23.Bxh6 f5 24.Bxf5 gxh6 25.Qe4 Qb7 26.Qc2 Qg7 27.Qe4 Qe5 28.
Bxe6 Qxe4 29.Rxf8+ Rxf8 30.Rxf8+ Kg7 31.Rf7+ Kg6 32.Bxc4 d5 33.Bd3 Qxd3 
34.exd3 Kxf7 35.c4 dxc4 36.dxc4 h5 37.Kf2 Kf6 38.Ke2 Ke6 39.a3 a6 40.a4 a5
0-1

[Event "67th POL-ch"]
[Site "Warsaw POL"]
[Date "2010.01.14"]
[Round "6"]
[White "Gdanski, Jacek"]
[Black "Heberla, Bartlomiej"]
[Result "1-0"]
[WhiteElo "2509"]
[BlackElo "2516"]
[EventDate "2010.01.09"]
[PlyCount "119"]

1.d4 Nf6 2.Nf3 d5 3.c4 e6 4.g3 dxc4 5.Qa4+ Bd7 6.Qxc4 c5 7.Bg2 Bc6 8.dxc5 
Nbd7 9.Be3 Rc8 10.Nc3 Bxc5 11.Bxc5 Bxf3 12.Bxf3 Rxc5 13.Qb3 b6 14.O-O O-O 
15.Rfd1 Qb8 16.Ne4 Rc7 17.Nxf6+ Nxf6 18.Qa4 Rd8 19.h4 Qc8 20.Kg2 h6 21.
Rxd8+ Qxd8 22.Rd1 Qe7 23.Rd2 Kf8 24.Qa6 Kg8 25.a3 g6 26.Qb5 Kg7 27.b4 e5 
28.Bc6 Qe6 29.Rc2 Qb3 30.Qxe5 Qxc2 31.Qxc7 Qc3 32.b5 Qxa3 33.Qf4 Qc5 34.
Qa4 h5 35.Qxa7 Ng4 36.Qa1+ Kg8 37.e3 Qc2 38.Qe1 Ne5 39.Qa1 Ng4 40.Qe1 Ne5 
41.Bb7 Qb2 42.Qf1 Qc2 43.Kg1 Kh7 44.Bg2 Kg8 45.Qa1 Ng4 46.Qa8+ Kg7 47.Qf3 
Qb1+ 48.Bf1 Nh2 49.Qe2 Qxf1+ 50.Qxf1 Nxf1 51.Kxf1 Kf6 52.f4 Ke6 53.e4 Kd6 
54.e5+ Kc5 55.g4 Kd5 56.Kf2 hxg4 57.Kg3 f5 58.exf6 Ke6 59.Kxg4 Kxf6 60.f5 
1-0

[Event "67th POL-ch"]
[Site "Warsaw POL"]
[Date "2010.01.14"]
[Round "6"]
[White "Gumula, Daniel"]
[Black "Mista, Aleksander"]
[Result "1-0"]
[WhiteElo "2312"]
[BlackElo "2563"]
[EventDate "2010.01.09"]
[PlyCount "67"]

1.Nf3 Nf6 2.c4 d6 3.d4 g6 4.Nc3 Bg7 5.e4 O-O 6.h3 e5 7.d5 a5 8.Bg5 Na6 9.
Be2 h6 10.Be3 Nd7 11.g4 Ndc5 12.Rg1 Kh7 13.g5 f5 14.gxh6 Bf6 15.Ng5+ Bxg5 
16.Bxg5 Qd7 17.h4 fxe4 18.h5 Qf7 19.hxg6+ Qxg6 20.Kd2 Rxf2 21.Be3 Rg2 22.
Rxg2 Qxg2 23.Qe1 Bd7 24.Qh4 Rg8 25.Rg1 Qxg1 26.Bxg1 Rxg1 27.Nxe4 Bf5 28.
Qe7+ Kxh6 29.Qf8+ Rg7 30.Qf6+ Kh7 31.Qxf5+ Kh8 32.Nf6 Rf7 33.Qg6 Rxf6 34.
Qxf6+ 1-0

[Event "67th POL-ch"]
[Site "Warsaw POL"]
[Date "2010.01.14"]
[Round "6"]
[White "Hnydiuk, Aleksander"]
[Black "Rutkowski, Maciej"]
[Result "1/2-1/2"]
[WhiteElo "2432"]
[BlackElo "2405"]
[EventDate "2010.01.09"]
[PlyCount "68"]

1.e4 c5 2.Nf3 d6 3.d4 cxd4 4.Nxd4 Nf6 5.Nc3 g6 6.g3 Nc6 7.Nde2 b6 8.Bg2 
Bb7 9.O-O Bg7 10.Nd5 O-O 11.Bg5 e6 12.Nxf6+ Bxf6 13.Bxf6 Qxf6 14.c3 Rfd8 
15.Qa4 a6 16.Qb3 b5 17.a4 Qe5 18.Rfd1 Qc5 19.Nd4 Nxd4 20.Rxd4 Bc6 21.axb5 
axb5 22.Rxa8 Rxa8 23.Qd1 Ra2 24.Qb1 Ra6 25.Bf3 e5 26.Rd1 b4 27.cxb4 Qxb4 
28.h4 h5 29.Qd3 Bb5 30.Qd2 Qb3 31.Be2 Rb6 32.Bxb5 Qxb5 33.Kg2 Qxb2 34.Qxb2
Rxb2 1/2-1/2

[Event "67th POL-ch"]
[Site "Warsaw POL"]
[Date "2010.01.14"]
[Round "6"]
[White "Kanarek, Marcel"]
[Black "Strzemiecki, Zbigniew"]
[Result "1/2-1/2"]
[WhiteElo "2393"]
[BlackElo "2333"]
[EventDate "2010.01.09"]
[PlyCount "62"]

1.e4 e6 2.d4 d5 3.Nc3 Nf6 4.Bg5 Bb4 5.e5 h6 6.Be3 Ne4 7.Qg4 g6 8.a3 Bxc3+ 
9.bxc3 Nxc3 10.Bd3 Nc6 11.h4 Ne7 12.h5 g5 13.Ne2 Nxe2 14.Qxe2 Nf5 15.O-O 
Bd7 16.g4 Nxe3 17.fxe3 c5 18.Rf6 Qa5 19.Rxf7 cxd4 20.Qf2 O-O-O 21.exd4 Qc3
22.Ra2 Kb8 23.Rf3 Qa5 24.Bg6 Rc8 25.Rb2 Rc3 26.Rb3 Rxb3 27.Rf8+ Rxf8 28.
Qxf8+ Kc7 29.Qd6+ Kc8 30.Qf8+ Kc7 31.Qd6+ Kc8 1/2-1/2

[Event "67th POL-ch"]
[Site "Warsaw POL"]
[Date "2010.01.14"]
[Round "6"]
[White "Kempinski, Robert"]
[Black "Pakleza, Zbigniew"]
[Result "1-0"]
[WhiteElo "2617"]
[BlackElo "2498"]
[EventDate "2010.01.09"]
[PlyCount "77"]

1.d4 c5 2.d5 f5 3.g3 e5 4.dxe6 Nf6 5.exd7+ Bxd7 6.Bg2 Nc6 7.Nc3 Qb6 8.Bg5 
Qxb2 9.Bxf6 gxf6 10.Nd5 O-O-O 11.Nh3 Nd4 12.O-O Bc6 13.Nhf4 Bd6 14.Nd3 
Qxc2 15.Qxc2 Nxc2 16.Rac1 Nd4 17.Rfe1 b6 18.Nxf6 Bc7 19.Bxc6 Nxc6 20.Nh5 
Ne5 21.Nxe5 Bxe5 22.f4 Bb2 23.Rc2 Bd4+ 24.e3 Rhe8 25.Kf2 Bh8 26.h3 Rd3 27.
g4 Rc3 28.Rd2 Ra3 29.Ree2 fxg4 30.hxg4 c4 31.g5 Kc7 32.Kf3 Kc6 33.f5 Be5 
34.f6 c3 35.Rc2 Kd5 36.e4+ Kc4 37.Kg4 Kd3 38.Nf4+ Kd4 39.f7 1-0

[Event "67th POL-ch"]
[Site "Warsaw POL"]
[Date "2010.01.14"]
[Round "6"]
[White "Markowski, Tomasz"]
[Black "Macieja, Bartlomiej"]
[Result "1/2-1/2"]
[WhiteElo "2629"]
[BlackElo "2624"]
[EventDate "2010.01.09"]
[PlyCount "81"]

1.c4 e5 2.g3 Nf6 3.Bg2 d5 4.cxd5 Nxd5 5.Nf3 Nc6 6.O-O Be7 7.Nc3 Nb6 8.d3 
Be6 9.Be3 O-O 10.Rc1 Nd5 11.Nxd5 Bxd5 12.a3 Nd4 13.Bxd4 exd4 14.Ne5 c6 15.
Bxd5 Qxd5 16.Nf3 Rfe8 17.Re1 Bf6 18.b4 Re6 19.Rc4 Ree8 20.Rc1 Re6 21.Rc4 
Rae8 22.Qc2 a6 23.Kg2 h6 24.Rc5 Qd7 25.Qa2 R6e7 26.a4 Re6 27.Rc2 b5 28.Rb1
Qe7 29.Rbb2 Qd7 30.Rc5 Bd8 31.axb5 axb5 32.Qa6 Bf6 33.Rbc2 Rxe2 34.Rxc6 
Rxc2 35.Rxc2 Qf5 36.Qc6 Rd8 37.Ne1 Be7 38.Qc7 Qd5+ 39.Nf3 Bxb4 40.Rb2 Bf8 
41.Rxb5 1/2-1/2

[Event "67th POL-ch"]
[Site "Warsaw POL"]
[Date "2010.01.14"]
[Round "6"]
[White "Olszewski, Michal"]
[Black "Miton, Kamil"]
[Result "1/2-1/2"]
[WhiteElo "2562"]
[BlackElo "2586"]
[EventDate "2010.01.09"]
[PlyCount "70"]

1.e4 e5 2.Nf3 Nc6 3.Bb5 a6 4.Ba4 Nf6 5.O-O b5 6.Bb3 Bc5 7.c3 d6 8.d3 O-O 
9.Nbd2 Bb7 10.Re1 Ne7 11.Nf1 Ng6 12.Ng3 Bb6 13.h3 c5 14.c4 Bc8 15.Nh2 Be6 
16.Ng4 Nxg4 17.hxg4 Ne7 18.Nf5 Qd7 19.g3 f6 20.Kg2 g6 21.Nxe7+ Qxe7 22.f4 
g5 23.f5 Bf7 24.Be3 Kg7 25.Rh1 Qb7 26.Kf3 b4 27.Qd2 Qe7 28.Rh3 Rh8 29.Rah1
h6 30.Qh2 h5 31.gxh5 a5 32.h6+ Kh7 33.Ba4 Be8 34.Bd1 a4 35.Kf2 Rg8 1/2-1/2

[Event "67th POL-ch"]
[Site "Warsaw POL"]
[Date "2010.01.14"]
[Round "6"]
[White "Socko, Bartosz"]
[Black "Swiercz, Dariusz"]
[Result "1/2-1/2"]
[WhiteElo "2643"]
[BlackElo "2474"]
[EventDate "2010.01.09"]
[PlyCount "60"]

1.e4 c5 2.Nf3 d6 3.d4 cxd4 4.Qxd4 a6 5.Be3 Nc6 6.Qd2 Nf6 7.Nc3 e6 8.O-O-O 
b5 9.Nd4 Nxd4 10.Qxd4 Bb7 11.f3 Be7 12.Kb1 O-O 13.h4 Qa5 14.a3 Rab8 15.Qb6
Qxb6 16.Bxb6 Rfc8 17.Ba7 Ra8 18.Bf2 Nd7 19.Bg3 Ne5 20.Be2 Rab8 21.Rd4 Bc6 
22.Rhd1 Be8 23.Na2 Rb6 24.Bf2 Rb7 25.Bg3 Rb6 26.c3 a5 27.Nc1 Ra8 28.Na2 
Rc8 29.Nc1 Ra8 30.Na2 Rc8 1/2-1/2

[Event "67th POL-ch"]
[Site "Warsaw POL"]
[Date "2010.01.15"]
[Round "7"]
[White "Bobras, Piotr"]
[Black "Piorun, Kacper"]
[Result "1/2-1/2"]
[WhiteElo "2554"]
[BlackElo "2489"]
[EventDate "2010.01.09"]
[PlyCount "122"]

1.e4 e6 2.d4 d5 3.Nc3 Nf6 4.e5 Nfd7 5.f4 c5 6.Nf3 Nc6 7.Be3 a6 8.Qd2 b5 9.
a3 Bb7 10.Bd3 Qc7 11.O-O O-O-O 12.dxc5 Nxc5 13.Ne2 Ne4 14.Qe1 g5 15.fxg5 
Bg7 16.a4 b4 17.a5 Nxe5 18.Qxb4 Nc4 19.Bb6 Nxb6 20.axb6 Qc5+ 21.Qxc5+ Nxc5
22.Nfd4 Rd7 23.b4 Nxd3 24.cxd3 Kd8 25.Rac1 Ke7 26.Nc6+ Kd6 27.Na5 Ba8 28.
Rc2 Rb8 29.Rc7 Rxc7 30.bxc7 Rc8 31.Rxf7 Rxc7 32.Rxc7 Kxc7 33.Nb3 Kd6 34.d4
Bc6 35.Kf2 Bb5 36.Ke3 Bc4 37.Nec1 e5 38.g3 Ke6 39.dxe5 Bf8 40.Nd4+ Kxe5 
41.Nd3+ Bxd3 42.Kxd3 Kd6 43.h4 Kd7 44.Kc3 Bd6 45.Nf5 Be5+ 46.Kd3 Ke6 47.
Nd4+ Kf7 48.g4 Bg3 49.Nf3 Bd6 50.Kc3 Ke6 51.h5 Kf7 52.Kb3 Be7 53.Ka4 Bd8 
54.Kb3 Be7 55.g6+ hxg6 56.Ne5+ Kf6 57.Nxg6 Bd6 58.Nh4 Kg5 59.Nf5 Be5 60.
Ne7 Kxg4 61.Nxd5 Kxh5 1/2-1/2

[Event "67th POL-ch"]
[Site "Warsaw POL"]
[Date "2010.01.15"]
[Round "7"]
[White "Dziuba, Marcin"]
[Black "Kempinski, Robert"]
[Result "1-0"]
[WhiteElo "2587"]
[BlackElo "2617"]
[EventDate "2010.01.09"]
[PlyCount "109"]

1.d4 Nf6 2.c4 g6 3.Nc3 Bg7 4.e4 O-O 5.Nf3 d6 6.Be2 c5 7.d5 e6 8.O-O exd5 
9.exd5 Bg4 10.h3 Bxf3 11.Bxf3 a6 12.Bd2 Nbd7 13.Qc2 Re8 14.a4 Qc7 15.b3 
Kh8 16.Rae1 Rxe1 17.Rxe1 Re8 18.Rxe8+ Nxe8 19.g4 Kg8 20.Kg2 Qd8 21.Be2 Be5
22.Ne4 Nef6 23.Ng5 Ne8 24.f4 Bg7 25.Ne4 Nef6 26.Ng3 Ne8 27.g5 f5 28.h4 Qe7
29.h5 Bd4 30.Qd3 Nc7 31.a5 Nf8 32.Bd1 Ne8 33.b4 Nd7 34.b5 axb5 35.cxb5 Bh8
36.h6 Nc7 37.Bb3 Kf8 38.Bc4 b6 39.Bc3 Bxc3 40.Qxc3 Ke8 41.a6 Kd8 42.Kf2 
Nf8 43.Qh8 Ne8 44.Qg8 Kc7 45.Bd3 Kb8 46.Nf1 Ka7 47.Ne3 Kb8 48.Kf3 Ka8 49.
Ke2 Nc7 50.Qg7 Qd8 51.Kd2 Kb8 52.Nc4 Ka7 53.Qf7 Nd7 54.Nxd6 c4 55.Nxc4 1-0

[Event "67th POL-ch"]
[Site "Warsaw POL"]
[Date "2010.01.15"]
[Round "7"]
[White "Jakubowski, Krzysztof"]
[Black "Bulski, Krzysztof"]
[Result "1-0"]
[WhiteElo "2502"]
[BlackElo "2416"]
[EventDate "2010.01.09"]
[PlyCount "145"]

1.e4 e5 2.Nc3 Nf6 3.Bc4 Nc6 4.d3 Na5 5.Qf3 c6 6.Nge2 Be7 7.h3 Nxc4 8.dxc4 
d6 9.b3 Be6 10.O-O O-O 11.Rd1 Ne8 12.Ng3 g6 13.Bh6 Ng7 14.c5 f6 15.cxd6 
Bxd6 16.Nf5 gxf5 17.Bxg7 Kxg7 18.exf5 Bf7 19.Qd3 Bd5 20.Nxd5 cxd5 21.Qxd5 
Be7 22.Qxb7 Qe8 23.Rd7 Rf7 24.Rad1 a5 25.c4 Qc8 26.Qd5 Ra6 27.Rd3 Kf8 28.
Qb5 e4 29.Rd1 Rc6 30.Qxa5 Rc5 31.Qb6 Kg7 32.R7d5 Bf8 33.Qe6 Rxd5 34.Qxd5 
Re7 35.c5 Re5 36.Qd7+ Qxd7 37.Rxd7+ Be7 38.b4 Kf7 39.a4 e3 40.fxe3 Rxe3 
41.Kf1 Ke8 42.Rb7 Rb3 43.Rb5 Kd7 44.a5 Bd8 45.a6 Ra3 46.Rb7+ Kc6 47.Rb8 
Bc7 48.Rc8 Kd7 49.Rh8 Rxa6 50.Rxh7+ Kd8 51.b5 Ra1+ 52.Ke2 Rc1 53.b6 Be5 
54.b7 Rxc5 55.g4 Rb5 56.h4 Ke8 57.g5 fxg5 58.hxg5 Bd6 59.g6 Be5 60.Kd3 Rb4
61.f6 Bxf6 62.Rc7 Be5 63.g7 Bxg7 64.Rxg7 Kd8 65.Kc3 Rb1 66.Kc4 Rb2 67.Kc5 
Rb1 68.Kc6 Rc1+ 69.Kb6 Rb1+ 70.Ka7 Ra1+ 71.Kb8 Ra2 72.Rg4 Rd2 73.Ra4 1-0

[Event "67th POL-ch"]
[Site "Warsaw POL"]
[Date "2010.01.15"]
[Round "7"]
[White "Krasenkow, Michal"]
[Black "Olszewski, Michal"]
[Result "1-0"]
[WhiteElo "2656"]
[BlackElo "2562"]
[EventDate "2010.01.09"]
[PlyCount "85"]

1.Nf3 Nf6 2.c4 e6 3.d4 d5 4.Nc3 dxc4 5.Qa4+ c6 6.Qxc4 b5 7.Qd3 a6 8.Bg5 
Nbd7 9.e4 b4 10.Na4 Qa5 11.b3 Bb7 12.Rc1 c5 13.Bxf6 Nxf6 14.dxc5 Bxe4 15.
Qe3 Rd8 16.Bc4 Be7 17.Ne5 Qc7 18.f4 g5 19.O-O Rg8 20.g3 gxf4 21.Qxf4 Rg7 
22.Bxa6 Bc6 23.Nxc6 Qxc6 24.Be2 Nd5 25.Qe5 Kf8 26.Bf3 Kg8 27.Kh1 Rg5 28.
Qe2 Qc7 29.c6 Re5 30.Qa6 Bg5 31.Rc5 Ne3 32.Re1 Rd2 33.Qb7 Nd5 34.Rf1 Bd8 
35.Rcc1 Rf5 36.Nc5 Ne3 37.Na6 Qe5 38.c7 Bxc7 39.Nxc7 Qb2 40.Nxe6 fxe6 41.
Rc8+ Rf8 42.Rxf8+ Kxf8 43.Qxb4+ 1-0

[Event "67th POL-ch"]
[Site "Warsaw POL"]
[Date "2010.01.15"]
[Round "7"]
[White "Leniart, Arkadiusz"]
[Black "Mista, Aleksander"]
[Result "1-0"]
[WhiteElo "2439"]
[BlackElo "2563"]
[EventDate "2010.01.09"]
[PlyCount "143"]

1.e4 g6 2.d4 Bg7 3.Nc3 c6 4.Be3 d5 5.Nf3 Bg4 6.h3 Bxf3 7.Qxf3 e6 8.Bd3 Ne7
9.O-O Nd7 10.exd5 cxd5 11.Nb5 O-O 12.c4 a6 13.Nc3 dxc4 14.Bxc4 b5 15.Bb3 
Nb6 16.Rad1 b4 17.Ne4 Nbd5 18.Bg5 Qa5 19.Rfe1 Ra7 20.Nd6 Nc6 21.Nc4 Qc7 
22.Re4 Na5 23.Nxa5 Qxa5 24.Re2 Rd7 25.Rc2 Qb6 26.Be3 Rfd8 27.Qe2 Qb7 28.
Bg5 Rc8 29.Rxc8+ Qxc8 30.Rc1 Qb7 31.Qe4 h6 32.Be3 Ne7 33.Qxb7 Rxb7 34.Ba4 
g5 35.Kf1 f5 36.g3 Kf7 37.Rc5 Rb6 38.d5 exd5 39.Rc7 d4 40.Bd2 Ke6 41.f4 
Bf6 42.Ke2 g4 43.hxg4 fxg4 44.Rc5 Bg7 45.Kd3 Kd6 46.Rh5 Nd5 47.Bb3 Nf6 48.
Re5 Kd7 49.Bc4 Bf8 50.Ra5 h5 51.Rxa6 Rxa6 52.Bxa6 Bc5 53.Bb7 Kd6 54.Be1 
Nd5 55.Bxd5 Kxd5 56.Bf2 b3 57.axb3 Bb4 58.f5 Ba5 59.f6 Ke6 60.Ke4 Bc7 61.
b4 h4 62.gxh4 g3 63.Bxd4 g2 64.Bg1 Kxf6 65.b5 Bg3 66.h5 Kg5 67.Kf3 Be5 68.
b3 Kxh5 69.Kxg2 Kg4 70.b6 Kf5 71.b7 Bb8 72.Bh2 1-0

[Event "67th POL-ch"]
[Site "Warsaw POL"]
[Date "2010.01.15"]
[Round "7"]
[White "Macieja, Bartlomiej"]
[Black "Bartel, Mateusz"]
[Result "1/2-1/2"]
[WhiteElo "2627"]
[BlackElo "2614"]
[EventDate "2010.01.09"]
[PlyCount "100"]

1.d4 Nf6 2.c4 e6 3.Nf3 Bb4+ 4.Nbd2 O-O 5.a3 Be7 6.e4 d5 7.e5 Nfd7 8.b4 a5 
9.b5 c5 10.Bb2 cxd4 11.Bxd4 Nc5 12.Be2 Nbd7 13.Qc2 b6 14.cxd5 exd5 15.O-O 
Bb7 16.Rac1 Ne6 17.Bb2 Rc8 18.Qf5 Ndc5 19.Nd4 Nxd4 20.Bxd4 Ne6 21.Bb2 g6 
22.Qg4 h5 23.Qg3 Bh4 24.Rxc8 Bxc8 25.Qe3 d4 26.Qe4 d3 27.Bf3 Nc5 28.Qd4 
Qxd4 29.Bxd4 Be7 30.Nc4 Be6 31.Nxb6 Rb8 32.Nd5 Bxd5 33.Bxd5 Rd8 34.Bxc5 
Bxc5 35.Bc6 Bxa3 36.b6 Bb2 37.b7 Bxe5 38.Rd1 Rd4 39.Kf1 a4 40.Rb1 a3 41.
b8=Q+ Bxb8 42.Rxb8+ Kg7 43.Ke1 Rc4 44.Ra8 Rxc6 45.Rxa3 Re6+ 46.Kf1 d2 47.
Ra1 Kf6 48.Rd1 Rd6 49.Ke2 Ke5 50.Rxd2 Rxd2+ 1/2-1/2

[Event "67th POL-ch"]
[Site "Warsaw POL"]
[Date "2010.01.15"]
[Round "7"]
[White "Miton, Kamil"]
[Black "Kanarek, Marcel"]
[Result "1-0"]
[WhiteElo "2586"]
[BlackElo "2393"]
[EventDate "2010.01.09"]
[PlyCount "61"]

1.d4 Nf6 2.c4 g6 3.Nc3 d5 4.Nf3 Bg7 5.Qb3 dxc4 6.Qxc4 O-O 7.Bf4 c6 8.e4 b5
9.Qb3 a6 10.Be2 Qa5 11.Bd2 b4 12.Na4 Nxe4 13.Bxb4 Qc7 14.O-O Be6 15.Qe3 
Bd5 16.Ne5 a5 17.Ba3 Na6 18.Bxa6 Rxa6 19.Rac1 Rd8 20.b3 Nd6 21.Rfe1 Nf5 
22.Qc3 Bxg2 23.Kxg2 Rxd4 24.Qc5 f6 25.Nf3 Rg4+ 26.Kf1 Rf4 27.Rc3 e5 28.Rd3
Ra8 29.Bc1 Bf8 30.Qb6 Qxb6 31.Nxb6 1-0

[Event "67th POL-ch"]
[Site "Warsaw POL"]
[Date "2010.01.15"]
[Round "7"]
[White "Pakleza, Zbigniew"]
[Black "Gdanski, Jacek"]
[Result "1/2-1/2"]
[WhiteElo "2498"]
[BlackElo "2509"]
[EventDate "2010.01.09"]
[PlyCount "66"]

1.d4 Nf6 2.Nf3 d5 3.Bf4 c5 4.e3 Nc6 5.c3 Qb6 6.Qb3 c4 7.Qc2 Bf5 8.Qc1 e6 
9.Nbd2 Be7 10.Be2 O-O 11.h3 Qd8 12.O-O b5 13.Bd1 Bd6 14.Bxd6 Qxd6 15.Bc2 
Ne4 16.Nxe4 Bxe4 17.Nd2 f5 18.f4 a5 19.b3 Rab8 20.a4 cxb3 21.Nxb3 Rfc8 22.
Bxe4 fxe4 23.axb5 Rxb5 24.Nc5 Rxc5 25.Qa3 Nxd4 26.cxd4 R5c6 27.Qxd6 Rxd6 
28.Rxa5 g6 29.Rb1 Rdc6 30.Rb7 R6c7 31.Rb6 Kf7 32.Raa6 Re7 33.Ra3 h5 
1/2-1/2

[Event "67th POL-ch"]
[Site "Warsaw POL"]
[Date "2010.01.15"]
[Round "7"]
[White "Stopa, Jacek"]
[Black "Gumula, Daniel"]
[Result "1-0"]
[WhiteElo "2494"]
[BlackElo "2312"]
[EventDate "2010.01.09"]
[PlyCount "97"]

1.e4 c5 2.Ne2 Nf6 3.Nbc3 d6 4.d4 cxd4 5.Nxd4 Bd7 6.Bg5 e6 7.Qd2 h6 8.Bxf6 
Qxf6 9.O-O-O a6 10.f4 Qd8 11.f5 Nc6 12.fxe6 fxe6 13.Bc4 Nxd4 14.Qxd4 Qg5+ 
15.Rd2 Be7 16.h4 Qe5 17.Qb6 Rc8 18.Bb3 Bc6 19.Ne2 O-O 20.Nd4 Rf6 21.Nxc6 
bxc6 22.Qb7 Rcf8 23.Rhd1 R8f7 24.Qxc6 a5 25.c3 Kh7 26.Qc4 Rg6 27.Kb1 Rf4 
28.Qc7 Bf8 29.h5 Rgf6 30.Qc8 Be7 31.Bc4 Bf8 32.a3 Rh4 33.Be2 Rf2 34.Bf3 
Rxd2 35.Rxd2 Be7 36.Rd1 Rf4 37.Qd7 Bf8 38.Ka2 Rf6 39.Rd4 Rf4 40.Ra4 Rf6 
41.Qc7 Qf4 42.Qxa5 Rf7 43.e5 Qc1 44.exd6 Bxd6 45.Qb6 Bf8 46.Qxe6 Rf6 47.
Qe4+ Kh8 48.Ra8 Rb6 49.Rxf8# 1-0

[Event "67th POL-ch"]
[Site "Warsaw POL"]
[Date "2010.01.15"]
[Round "7"]
[White "Strzemiecki, Zbigniew"]
[Black "Swiercz, Dariusz"]
[Result "1/2-1/2"]
[WhiteElo "2333"]
[BlackElo "2474"]
[EventDate "2010.01.09"]
[PlyCount "73"]

1.e4 c5 2.Nf3 d6 3.d4 cxd4 4.Qxd4 Nc6 5.Bb5 Bd7 6.Bxc6 Bxc6 7.c4 Nf6 8.Nc3
g6 9.Qd3 Bg7 10.Nd4 O-O 11.O-O a5 12.b3 Nd7 13.Be3 Nc5 14.Qc2 Qd7 15.Rad1 
Rfc8 16.f3 Qe8 17.a4 Qf8 18.Nd5 Bxd5 19.exd5 Bf6 20.Rfe1 Qg7 21.Ne2 Ra6 
22.Bd4 Rb6 23.Bxf6 Qxf6 24.Nd4 Rb4 25.Qa2 Rd8 26.Re3 e5 27.Nc2 Rb6 28.Na3 
Qf4 29.Rde1 Ra6 30.Nb5 Raa8 31.Qf2 b6 32.g3 Qf5 33.Qe2 h5 34.Rf1 Rd7 35.f4
e4 36.Nd4 Qf6 37.Nc6 1/2-1/2

[Event "67th POL-ch"]
[Site "Warsaw POL"]
[Date "2010.01.16"]
[Round "8"]
[White "Bartel, Mateusz"]
[Black "Dziuba, Marcin"]
[Result "1-0"]
[WhiteElo "2614"]
[BlackElo "2587"]
[EventDate "2010.01.09"]
[PlyCount "169"]

1.e4 c5 2.Nc3 a6 3.f4 b5 4.Nf3 Bb7 5.d4 e6 6.Be3 b4 7.Na4 Nf6 8.Nxc5 Bxc5 
9.dxc5 Bxe4 10.Bd3 Nc6 11.Bxe4 Nxe4 12.Qd3 Nf6 13.O-O-O Qa5 14.Kb1 Nd5 15.
Qb3 Nce7 16.f5 O-O 17.g4 Rab8 18.Ka1 Nxe3 19.Qxe3 Nd5 20.Rxd5 exd5 21.f6 
Qd8 22.fxg7 Re8 23.Qd2 Qe7 24.Nd4 Qe3 25.Qd1 Re4 26.Nf5 Qxc5 27.Qf3 Qb6 
28.Rd1 Rbe8 29.a4 Re1 30.Kb1 Rxd1+ 31.Qxd1 Qf2 32.Ka2 Qc5 33.Kb1 Re6 34.
Qd2 f6 35.h3 d4 36.Qd3 d5 37.Qg3 Re5 38.Qf2 Re4 39.g5 fxg5 40.Qg3 Qb6 41.
Qxg5 Qg6 42.Ne7+ Rxe7 43.Qxe7 Qxg7 44.Qe6+ Qf7 45.Qxa6 b3 46.Qd3 bxc2+ 47.
Kxc2 Qc7+ 48.Kb3 Qb8+ 49.Ka2 Qe5 50.a5 Qe3 51.Qb3 d3 52.Qxd5+ Kg7 53.a6 d2
54.Qd7+ Kg6 55.a7 d1=Q 56.Qxd1 Qxa7+ 57.Kb1 h5 58.h4 Qe7 59.Qd4 Qe1+ 60.
Kc2 Qe2+ 61.Kc3 Qe1+ 62.Kc4 Qe6+ 63.Kb5 Qe8+ 64.Kb4 Qe7+ 65.Kb3 Qe6+ 66.
Qc4 Qb6+ 67.Kc3 Qf6+ 68.Qd4 Qc6+ 69.Kb4 Qb7+ 70.Ka5 Qa8+ 71.Kb5 Qe8+ 72.
Kb4 Qe7+ 73.Ka5 Qe1+ 74.b4 Qe2 75.b5 Qa2+ 76.Kb6 Qe6+ 77.Kc7 Qe7+ 78.Qd7 
Qxh4 79.b6 Qe1 80.Qd6+ Kf5 81.Qc5+ Ke6 82.Qc6+ Kf5 83.b7 Qe5+ 84.Kb6 Kg5 
85.Qc5 1-0

[Event "67th POL-ch"]
[Site "Warsaw POL"]
[Date "2010.01.16"]
[Round "8"]
[White "Gdanski, Jacek"]
[Black "Macieja, Bartlomiej"]
[Result "1/2-1/2"]
[WhiteElo "2509"]
[BlackElo "2624"]
[EventDate "2010.01.09"]
[PlyCount "117"]

1.Nf3 c5 2.c4 Nf6 3.Nc3 Nc6 4.g3 g6 5.Bg2 Bg7 6.d4 cxd4 7.Nxd4 O-O 8.O-O 
Nxd4 9.Qxd4 d6 10.Qd3 a6 11.Rd1 Qc7 12.Bg5 Be6 13.b3 Rab8 14.Rac1 Qa5 15.
Qd2 Rfc8 16.Nd5 Qxd2 17.Bxd2 Nxd5 18.cxd5 Bg4 19.f3 Bf5 20.e4 Bd7 21.Rxc8+
Rxc8 22.Rc1 Bd4+ 23.Kf1 Rxc1+ 24.Bxc1 a5 25.Bd2 a4 26.bxa4 Bxa4 27.Ke1 Kf8
28.Bf1 Ke8 29.Bd3 Kd7 30.h4 Kc7 31.Ba5+ Kd7 32.Ke2 Ke8 33.Bd2 Bd7 34.g4 f6
35.g5 Kf7 36.Bc4 Ba4 37.Be3 Bc3 38.Bb6 Be5 39.Kf2 Bd7 40.Be3 Kg7 41.Bb3 
Bb5 42.Bd2 Bd4+ 43.Kg3 Bd3 44.Ba4 f5 45.exf5 Bxf5 46.Bb5 Bb1 47.Bc4 Bc2 
48.Be1 Kf8 49.Kg2 Be3 50.Bf2 Bc1 51.Bg3 h6 52.f4 Be4+ 53.Kf2 h5 54.Ke2 Kf7
55.a4 Kg7 56.a5 Kf7 57.Kd1 Be3 58.Ke2 Bc1 59.Kd1 1/2-1/2

[Event "67th POL-ch"]
[Site "Warsaw POL"]
[Date "2010.01.16"]
[Round "8"]
[White "Hnydiuk, Aleksander"]
[Black "Stopa, Jacek"]
[Result "1-0"]
[WhiteElo "2432"]
[BlackElo "2494"]
[EventDate "2010.01.09"]
[PlyCount "97"]

1.e4 e6 2.d4 d5 3.Nc3 Nf6 4.Bg5 Be7 5.e5 Nfd7 6.h4 c5 7.Bxe7 Qxe7 8.Nb5 
O-O 9.Nc7 cxd4 10.Qd2 f6 11.Nxa8 fxe5 12.O-O-O Nc6 13.Bb5 Nf6 14.Nf3 Ne4 
15.Qe1 Qd6 16.Bd3 Nf6 17.Bb5 Ne4 18.Bd3 Nf6 19.Bb5 Ng4 20.Bxc6 bxc6 21.Qa5
Nxf2 22.Qc7 Qxc7 23.Nxc7 Nxh1 24.Rxh1 Rf7 25.Ne8 Kf8 26.Nd6 Rxf3 27.gxf3 
Ba6 28.f4 exf4 29.Re1 Ke7 30.Nf5+ Kf6 31.Nxd4 e5 32.Nxc6 e4 33.Nb4 Bb7 34.
c3 g6 35.Rd1 Ke5 36.Kd2 h6 37.Rg1 Kf6 38.Nc2 Ba6 39.b3 g5 40.hxg5+ hxg5 
41.Rh1 Bc8 42.Rh6+ Ke5 43.Nd4 g4 44.Rh8 Bd7 45.Rd8 Kd6 46.Ne2 f3 47.Ng3 
Ke6 48.Ke3 Bb5 49.Rg8 1-0

[Event "67th POL-ch"]
[Site "Warsaw POL"]
[Date "2010.01.16"]
[Round "8"]
[White "Kanarek, Marcel"]
[Black "Gajewski, Grzegorz"]
[Result "0-1"]
[WhiteElo "2393"]
[BlackElo "2568"]
[EventDate "2010.01.09"]
[PlyCount "114"]

1.e4 c5 2.Nf3 e6 3.d4 cxd4 4.Nxd4 a6 5.Bd3 Bc5 6.Nb3 Be7 7.Qe2 d6 8.c4 b6 
9.Nc3 Nf6 10.O-O Bb7 11.Be3 O-O 12.f3 Nbd7 13.Qf2 Nc5 14.Be2 Qc7 15.Nd4 
Rac8 16.Rac1 Qb8 17.b4 Ncd7 18.a3 Bd8 19.Rfd1 Bc7 20.g3 Rfe8 21.Nb3 h5 22.
Bf4 h4 23.g4 Nf8 24.g5 Nh5 25.Be3 d5 26.cxd5 exd5 27.Nxd5 Bxd5 28.Rxd5 Nf4
29.Bxf4 Bxf4 30.Rxc8 Qxc8 31.Qd4 Ne6 32.Qc4 Qb8 33.g6 Bxh2+ 34.Kh1 Qg3 35.
gxf7+ Kxf7 36.Rf5+ Kg8 37.Qc1 h3 38.Qf1 g6 39.Rd5 Nf4 40.Rd2 Kg7 41.Bxa6 
Qg2+ 42.Rxg2 hxg2+ 43.Qxg2 Nxg2 44.Kxg2 Ra8 45.b5 Bd6 46.a4 Rh8 47.Kf2 Bf4
48.Ke2 Rh2+ 49.Kd3 Rf2 50.Nd4 Be5 51.Bc8 Kf6 52.Bg4 Ra2 53.Ne2 g5 54.Nc1 
Rxa4 55.Ke2 Rb4 56.Bd7 Rb2+ 57.Ke1 Rb1 0-1

[Event "67th POL-ch"]
[Site "Warsaw POL"]
[Date "2010.01.16"]
[Round "8"]
[White "Leniart, Arkadiusz"]
[Black "Heberla, Bartlomiej"]
[Result "1-0"]
[WhiteElo "2439"]
[BlackElo "2516"]
[EventDate "2010.01.09"]
[PlyCount "59"]

1.e4 c5 2.c3 e6 3.d4 d5 4.exd5 exd5 5.Be3 cxd4 6.Bxd4 Nc6 7.Nf3 Nxd4 8.
Nxd4 Bc5 9.Qe2+ Kf8 10.Nd2 Bxd4 11.cxd4 Nf6 12.Qd3 g6 13.Be2 Bf5 14.Qa3+ 
Kg7 15.O-O Qb6 16.Nb3 Rhe8 17.Rfe1 Rac8 18.Bf3 Rxe1+ 19.Rxe1 Rc4 20.Qe7 
Qb4 21.Qxb4 Rxb4 22.Bd1 b6 23.f3 a5 24.g4 Bd3 25.a3 Rb5 26.Nc1 Rxb2 27.
Nxd3 Rd2 28.Be2 Ra2 29.Kf2 Rxa3 30.Rb1 1-0